| 000 | 00717cam a22001935a 4500 | ||
|---|---|---|---|
| 001 | L142481 | ||
| 008 | 080215s2001 xxk f 000 0 eng d | ||
| 020 | _a184219061X | ||
| 035 | _a(Sirsi) u142481 | ||
| 041 | 0 | _aeng | |
| 100 | 1 | _aWist, Mark | |
| 245 | 0 | 0 |
_aOvercrowded, under-utilised or just right? _boffice space, how much is enough? |
| 260 |
_aLondon _bRICS Foundation _c2001 |
||
| 300 |
_a35p. _bill. _c30cm. |
||
| 520 | _aPresents the results of the third in a series of surveys carried out by Gerald Eve on office space utilisation and the establishment of benchmarks in office occupational density. | ||
| 651 | 4 |
_aUnited Kingdom _y |
|
| 690 | _aPROPERTY-COMMERCIAL PROPERTY-OFFICE PROPERTY | ||
| 942 | _n0 | ||
| 999 |
_c107890 _d107890 |
||